| 000 | 00405nam a22001457a 4500 | ||
|---|---|---|---|
| 005 | 20180108112431.0 | ||
| 008 | 180108b xxu||||| |||| 00| 0 eng d | ||
| 040 | _cPK-LaUMT | ||
| 082 |
_aPKAC 297 _bSHA-K |
||
| 100 | _aShams Navid Usmani | ||
| 245 |
_aKia hum musalman hein? _cShams Navid Usmani |
||
| 260 |
_aلاہور؛ _bادارہ مطبوعات طلبہ، _c[ ] |
||
| 300 | _a184 ص | ||
| 942 | _cBK | ||
| 999 |
_c101419 _d101419 |
||